1399 1882 1865 1209 1367 1809 1229 1565 1862 1152 1867 1769 1039 1564 1660 1551 1082 1889 1407 1616 1767 1044 1780 1550 1211 1074 1273 1951 1877 1008 1119 1595 1991 1148 1582 1171 1189 1344 1825 1610 1597 1114 1527 1183 1579 1941 1751 1900 1019 1138 1813 1950 1526 1972 1188 1386 1266 1656 1566 1196 1030 1843 1673 1522 1790 1293 1971 1604 1537 1847 1156 1511 1734 1215 1004 1445 1549 1815 1030 1913 1997 1422 1449 1463 1601 1713 1542 1180 1389 1576 1808 1429 1308 1577 1581 1158 1697 1545 1606 BCNSPRNW ULIB Ver.6.0+V

เปลี่ยนเป็นภาษาไทย

Change to English
 แสดงรายละเอียดบรรณานุกรม
  กลับหน้าหลัก

Brief Record : Get Marc (ISO 2709) : E-mail record : QR code < ปิดหน้าต่าง
LEADER : 00000nam 2200000uu 4500
001    13399113629
003     ULIB
008    111128s2552||||th 000 0 tha d
020    ^a9786110600255
090    ^aนว.^bL111K 2552
100 0  ^aเตี่ยนซิน
245 00 ^aดวงใจบ่มรัก/^cเตี่ยนซิน
250    ^aพิมพ์ครั้งที่ 1
260    ^aกรุงเทพฯ :^bแจ่มใส,^c2552
300    ^a209 หน้า
700 0  พวงหยก ;^eแปล
710 1  ^aแจ่มใส
945    ^p149^l0^i16427
995    ^aทศพร
999    ^aใช้งานได้ทุกระบบ
รายการนี้ยังไม่มีแท็ก
คุณยังไม่ได้ล็อกอิน คุณสามารถมีกิจกรรมร่วมกับเว็บไซต์ได้ แต่ต้องล็อกอินก่อน ::
  ล็อกอิน

รายการสื่อสารสนเทศ

ลำดับที่ ประเภท เลขเรียก/บาร์โค้ด สถานที่ สถานะ
1. นวนิยาย
นวนิยาย
นว. L111K 2552 ฉ.1 
  Barcode: 16427
ห้องสมุดวิทยาเขตสวรรค์ประชารักษ์
►นวนิยาย
บนชั้น
  ขอยืม

รายการใกล้เคียง
    ผู้แต่ง [เตี่ยนซิน]

BibComment


ยังไม่เคยถูกคอมเมนท์

คอมเมนท์ทรัพยากรรายการนี้
  คอมเมนท์: ดวงใจบ่มรัก เตี่..


 Copyright 2026. Bcnsprnw @Library